Estaciones de Metro de la futura L3 de Sevilla - Estadísticas

Estadísticas generales
  • Esta prueba ha sido intentada 81 veces
  • La puntuación promedio es 7 de 12
Estadísticas de respuestas
Estaciones % Correcto
Pino Montano
89%
Pino Montano Norte
89%
Hospital Virgen Macarena
77%
La Macarena
77%
Prado de San Sebastián
77%
María Auxiliadora
47%
Capuchinos
44%
Jardines de Murillo
39%
San Lázaro
39%
Los Mares
33%
Puerta Carmona
32%
Los Carteros
26%
No se encontraron pruebas coincidentes
Distribución de puntuación
Porcentaje de gente con cada puntuación
Porcentaje por número respondido
Historial de tus puntuaciones
No has intentado esta prueba.